[Event "Hersonissos op 2nd"]
[Site "Hersonissos"]
[Date "2018.06.17"]
[Round "1"]
[White "Sielicki, Tomasz"]
[Black "Fragkiadakis, Nikolaos Emm"]
[Result "1-0"]
[WhiteElo "1963"]
[BlackElo "1169"]
[PlyCount "49"]
[EventDate "2018.06.17"]
[EventType "swiss"]
[EventRounds "9"]
[EventCountry "GRE"]
[SourceTitle "CBM 185 Extra"]
[Source "ChessBase"]
[SourceDate "2018.07.29"]
[SourceVersion "1"]
[SourceVersionDate "2018.07.29"]
[SourceQuality "1"]

1. d4 d5 2. c4 e6 3. Nc3 Nf6 4. Nf3 Nbd7 5. Bf4 Bb4 6. Qb3 Bxc3+ 7. bxc3 b6 8. cxd5 exd5 9. e3 Bb7 10. Bb5 c6 11. Be2 0-0 12. 0-0 Re8 13. Rac1 h6 14. h3 Ne4 15. c4 Rc8 16. cxd5 cxd5 17. Bb5 Re7 18. Qa3 a5 19. Rxc8 Bxc8 20. Rc1 Nf8 21. Rxc8 Qxc8 22. Qxe7 Qc2 23. Be8 Qb1+ 24. Kh2 Qb4 25. Qxf7+ 1-0

[Event "Heraklion op 21st"]
[Site "Heraklion"]
[Date "2017.09.03"]
[Round "1"]
[White "Fragkiadakis, Nikolaos Emm"]
[Black "Bras, Emanouel"]
[Result "0-1"]
[WhiteElo "1250"]
[BlackElo "1927"]
[PlyCount "62"]
[EventDate "2017.09.03"]
[EventType "swiss"]
[EventRounds "9"]
[EventCountry "GRE"]
[SourceTitle "CBM 180 Extra"]
[Source "ChessBase"]
[SourceDate "2017.10.06"]
[SourceVersion "1"]
[SourceVersionDate "2017.10.06"]
[SourceQuality "1"]

1. d4 d5 2. Bf4 Nf6 3. Nf3 e6 4. e3 Be7 5. Nc3 0-0 6. Bd3 Nc6 7. 0-0 Nh5 8. Bg3 Nxg3 9. hxg3 g6 10. Re1 Bf6 11. a3 Kg7 12. Bb5 h5 13. e4 dxe4 14. Rxe4 Ne7 15. Qd2 c6 16. Bd3 Nf5 17. Ne2 Rh8 18. c3 Nd6 19. Re3 g5 20. Ne5 c5 21. dxc5 Nf5 22. Re4 b6 23. f4 bxc5 24. Nc6 Qb6 25. fxg5 Bd8 26. Nxd8 Rxd8 27. Qc2 c4+ 28. Kh2 cxd3 29. Qd2 dxe2 30. Qxe2 Qd6 31. Qf3 Bb7 0-1